000 01585nam a2200301 i 4500
001 72799
003 ES-MaACL
005 20250815062603.0
007 t|
008 040903m19281948fr ||||1| fre d
100 1 _aGlotz, Gustave.
_957450
245 1 0 _aHistoire générale /
_cpubliée sous la direction de Gustave Glotz.
260 _aParis :
_bPresses Universitaires de France,
_c1928-1948.
300 _a7 v. ;
_c25 cm.
505 8 _aContiene:. Histoire Ancienne. Histoire Grecque: T.I: Des origines aux guerres médiques / par Gustave Glotz. -- T.II: La Gréce au V siécle / par Gustave Glotz ; avec la collaboration de Robert Cohen. 2ª section: César / por Jerome Carcopino. -- T.IV: 2éme Partie: L'Empire chrétien (325-395) / par André Piganiol. Histoire du Moyen Age: T.I: Les destinées de l'Empire en Occident de 395 a 888 / par Ferdinand Lot, Christian Pfiater, François L. Ganshof. -- T.II: L'Europe Occidentale de 888 a 1125 / par Agustin Fliche. -- T.VIII: La civilisation accidentale au Moyen Age du XIe au milieu du XVe siécle / par Henri Pirenne, Gustave Cohen, Henri Focillon
650 7 _aHistoria universal
_2embne
_913429
700 1 _aCohen, Robert.
_939512
700 1 _aCarcopino, Jerome.
_935109
700 1 _aPiganiol, André.
_991990
700 1 _aPfister, Christian.
_991634
700 1 _aGanshof, François-Louis.
_953878
700 1 _aFliche, Augustin.
_951205
700 1 _aLot, Ferdinand.
_974290
700 1 _aFocillon, Henri.
_9205095
700 1 _aPirenne, Henri.
_992343
852 _aES-MaACL
_jP-767
999 _c72799
_d72799